• 首页
  • 本馆介绍
  • 公告通知
  • 最新文献
  • 馆藏检索
  • 电子资源
  • 读者导购
  • 参考咨询
  • 我的图书馆
  • 登录
  • 详细信息显示
  • 放入我的书架
  • 预约/预借图书
  • 作者相关作品
  • 分类相关作品
  • 丛书相关作品
  • 出版社相关作品

书目信息

  • 表格格式
  • 工作单格式
  • 卡片格式
题名:
广义正则半群
    
 
作者: 任学明, 著
分册:  
出版信息: 北京   科学出版社  2017
页数: 224页
开本: 24cm
丛书名:
单 册:
中图分类: O152.7
科图分类:
主题词: 半群--ban qun
电子资源:
ISBN: 978-7-03-054616-6
000 01119nam0 2200253 450
001 012001000469
005 20131106100632.0
010    @a978-7-03-054616-6@dCNY88.00
099    @aCAL 012017149668
100    @a20171026d2017 em y0chiy50 ea
101 0  @achi
102    @aCN@b110000
105    @aa a 001yy
106    @ar
200 1  @a广义正则半群@Aguang yi zheng ze ban qun@f任学明著
210    @a北京@c科学出版社@d2017
215    @a224页@c图@d24cm
320    @a有书目 (第218-221页) 和索引
330    @a本书在半群理论的基础知识上,介绍了近几十年来半群理论在广义正则半群方面的若干**研究成果。全书由三部分组成,第一部分拟正则半群,介绍了E-矩形性拟正则半群、E理想拟正则半群、Clifford拟正则半群、拟矩形群、左C拟正则半群等半群的特性和代数结构;第二部分富足半群和rpp半群,介绍了超富足半群、L*-逆半群、Q*-逆半群、r-宽大半群等半群的性质、特征和结构。第三部分U-富足半群,介绍了U-纯正半群、U-超富足半群、U-充足w-UF 半群的基本性质和代数结构。
606 0  @a半群@Aban qun
690    @aO152.7@v5
701  0 @a任学明,@Aren xue ming@f1954-@4著
801  0 @aCN@b北京卓展文化@c20191020
905    @b1196211-3@dO152.7@e48@f3
    
    广义正则半群/任学明著.-北京:科学出版社,2017
    224页:图;24cm
    
    
    ISBN 978-7-03-054616-6:CNY88.00
    本书在半群理论的基础知识上,介绍了近几十年来半群理论在广义正则半群方面的若干**研究成果。全书由三部分组成,第一部分拟正则半群,介绍了E-矩形性拟正则半群、E理想拟正则半群、Clifford拟正则半群、拟矩形群、左C拟正则半群等半群的特性和代数结构;第二部分富足半群和rpp半群,介绍了超富足半群、L*-逆半群、Q*-逆半群、r-宽大半群等半群的性质、特征和结构。第三部分U-富足半群,介绍了U-纯正半群、U-超富足半群、U-充足w-UF 半群的基本性质和代数结构。
●
相关链接 在E读中查询图书 在五车中查询图书 在当当中查询图书 在豆瓣中查询图书


正题名:广义正则半群     索取号:O152.7/48         预约/预借

序号 登录号 条形码 馆藏地/架位号 状态 备注
1 1196211   211962116   第二样本阅览室/ [索取号:O152.7/48] 在馆    
2 1196212   211962125   第三借阅区/ [索取号:O152.7/48] 在馆    
3 1196213   211962134   第三借阅区/ [索取号:O152.7/48] 在馆    
唐山师范学院图书馆 欢迎您!
大连网信软件有限公司© 版权所有